书目信息 |
| 题名: |
住宅设计解剖书
|
|
| 作者: | 饭冢丰 著 ;董方 译 | |
| 分册: | 2 | |
| 出版信息: | 海口 南海出版公司 2017.5 |
|
| 页数: | 171页 | |
| 开本: | 24cm | |
| 丛书名: | ||
| 单 册: | ||
| 中图分类: | TU241.02- | |
| 科图分类: | ||
| 主题词: | 住宅--室内装饰设计--日本--现代--图集 | |
| 电子资源: | ||
| ISBN: | 978-7-5442-8826-2 | |
| 000 | 01153nam0 2200265 450 | |
| 001 | 0400004670 | |
| 005 | 20171026145138.17 | |
| 010 | @a978-7-5442-8826-2@dCNY45.00 | |
| 100 | @a20170802d2017 em y0chiy50 ea | |
| 101 | 1 | @achi@cjpn |
| 102 | @aCN@b460100 | |
| 105 | @aa z 000yy | |
| 106 | @ar | |
| 200 | 1 | @a住宅设计解剖书@9zhu zhai she ji jie pou shu@h2@dThe principle of planning@h2@f(日)饭冢丰著@g董方译@zeng |
| 210 | @a海口@c南海出版公司@d2017.5 | |
| 215 | @a171页@c图,照片@d24cm | |
| 314 | @a饭冢丰 (1966-),出生于日本东京,1990年毕业于早稻田大学理工学部建筑专业,一级建筑师。 | |
| 330 | @a这是一本关于住宅格局设计的书。好的住宅格局是在遵循住宅设计基本原则和做法,以及最佳操作顺序的基础上产生的,可以实现生活的愉悦性、居住的功能性和设计的独创性。那些住宅设计中不可或缺的铁则、准则构成了本书的主体,学习建筑的人、年轻设计师和普通读者都可以从中获益。 | |
| 510 | 1 | @aPrinciple of planning@h2@zeng |
| 606 | 0 | @a住宅@x室内装饰设计@y日本@z现代@j图集 |
| 690 | @aTU241.02-@v5 | |
| 701 | 0 | @c(日)@a饭冢丰@9fan zhong feng@f(1966-)@4著 |
| 702 | 0 | @a董方@9Dong Fang@4译 |
| 801 | 0 | @aCN@b91MARC@c20171024 |
| 905 | @b1038755-9@dTU241.02-@f5@e1322:2 | |
| 住宅设计解剖书.2=The principle of planning.2/(日)饭冢丰著/董方译.-海口:南海出版公司,2017.5 |
| 171页:图,照片;24cm |
| ISBN 978-7-5442-8826-2:CNY45.00 |
| 这是一本关于住宅格局设计的书。好的住宅格局是在遵循住宅设计基本原则和做法,以及最佳操作顺序的基础上产生的,可以实现生活的愉悦性、居住的功能性和设计的独创性。那些住宅设计中不可或缺的铁则、准则构成了本书的主体,学习建筑的人、年轻设计师和普通读者都可以从中获益。 |
| ● |
| 相关链接 |
|
|
|
|
正题名:住宅设计解剖书
索取号:TU241.02-/1322:2
 
预约/预借
| 序号 | 登录号 | 条形码 | 馆藏地/架位号 | 状态 | 备注 |
| 1 | 1038755 | 210387552 | 第二样本阅览室/ [索取号:TU241.02-/1322:2] | 在馆 | |
| 2 | 1038756 | 210387561 | 密集书库-生命科学系/ [索取号:TU241.02-/1322:2] | 在馆 | |
| 3 | 1038757 | 210387570 | 第三借阅区/ [索取号:TU241.02-/1322:2] | 在馆 | |
| 4 | 1038758 | 210387589 | 第三借阅区/ [索取号:TU241.02-/1322:2] | 在馆 | |
| 5 | 1038759 | 210387598 | 第三借阅区/ [索取号:TU241.02-/1322:2] | 在馆 |